Trade-off vetween cost and effectiveness of control of nutrient loading into a water body

Gespeichert in:
Bibliographische Detailangaben
1. Verfasser: Bogardi, Istvan
Weitere Verfasser: David, Laszlo, Duckstein, Lucien
Format: Buch
Sprache:Englisch
Veröffentlicht: Laxenburg International Institute for Applied Systems Analysis 1983
Tags: Tag hinzufügen
Keine Tags, Fügen Sie das erste Tag hinzu!

MARC

LEADER 00000nam a2200000 4500
001 c132488
005 20250509074342.5
041 0 |a eng 
044 |a AT 
245 1 0 |a Trade-off vetween cost and effectiveness of control of nutrient loading into a water body  |c Istvan Bogardi, Laszlo David, Lucien Duckstein 
264 1 |a Laxenburg  |b International Institute for Applied Systems Analysis  |c 1983 
300 |a 36 s. 
100 1 |a Bogardi, Istvan 
700 1 |a David, Laszlo 
700 1 |a Duckstein, Lucien